Словарь современного русского литературного языка. Т. 1: А - Б (Запись № 7932623)

Подробности
000 -МАРКЕР
контрольное поле 01363nam2a22002891 4500
001 - ИДЕНТИФИКАТОР ЗАПИСИ
контрольное поле rc\122255
005 - ИДЕНТИФИКАТОР ВЕРСИИ
контрольное поле 20250612180955.0
010 ## - МЕЖДУНАРОДНЫЙ СТАНДАРТНЫЙ НОМЕР КНИГИ (ISBN)
Номер (ISBN) 5-200-01067-5
Тираж 100000
035 ## - ДРУГИЕ СИСТЕМНЫЕ НОМЕРА
Идентификатор записи (NLR Aleph) 008772484
100 ## - ДАННЫЕ ОБЩЕЙ ОБРАБОТКИ
Данные общей обработки 20021216d1991 |||y0rusy50 ca
101 0# - ЯЗЫК РЕСУРСА
Язык текста, звукозаписи и т.д. русский
102 ## - СТРАНА ПУБЛИКАЦИИ ИЛИ ПРОИЗВОДСТВА
Страна публикации Российская Федерация
105 ## - ПОЛЕ КОДИРОВАННЫХ ДАННЫХ: ТЕКСТОВЫЕ МАТЕРИАЛЫ, МОНОГРАФИЧЕСКИЕ
Кодированные данные о монографическом текстовом документе y |||||||||
200 1# - ЗАГЛАВИЕ И СВЕДЕНИЯ ОБ ОТВЕТСТВЕННОСТИ
Основное заглавие А - Б
Первые сведения об ответственности [Сост. Л.П. Алекторовой и др.]
210 ## - ПУБЛИКАЦИЯ, РАСПРОСТРАНЕНИЕ И ДР.
Дата издания, распространения и т.д. 1991
Место издания, распространения и т.д. Б. м.
215 ## - ФИЗИЧЕСКАЯ ХАРАКТЕРИСТИКА
Специфическое обозначение материала и объем 864 с.
320 ## - ПРИМЕЧАНИЯ О НАЛИЧИИ В ДОКУМЕНТЕ БИБЛИОГРАФИИ / УКАЗАТЕЛЯ
Текст примечания Библиогр.: с. 17-18
461 #0 - УРОВЕНЬ НАБОРА
Встроенное поле 001rc\122254
-- 2001#$aСловарь современного русского литературного языка$eВ 20 т.$e[Гл. ред.$eд. филол. н. К.С. Горбачевич]$fАН СССР. Ин-т рус. яз.$vТ. 1
Системный номер (АБИС) связанной записи 7299193
Место публикации М.
Дата публикации 1991-
Издание 2-е изд., перераб. и доп.
Первые сведения об ответственности АН СССР. Ин-т рус. яз.
Имя издателя, распространителя и т.д. Рус. яз.
Сведения, относящиеся к заглавию В 20 т. : [Гл. ред. : д. филол. н. К.С. Горбачевич]
Заглавие Словарь современного русского литературного языка
ISBN 5200010683
Номер тома Т. 1
606 1# - НАИМЕНОВАНИЕ ТЕМЫ КАК ПРЕДМЕТ
Наименование темы Русский язык
Формальный подзаголовок Толковые словари
Код системы nlr_sh1
702 #1 - ИМЯ ЛИЦА - ВТОРИЧНАЯ ОТВЕТСТВЕННОСТЬ
Начальный элемент ввода Алекторова
Часть имени, кроме начального элемента ввода Л.П.
Код отношения Составитель
801 #0 - ИСТОЧНИК ЗАПИСИ
Страна Российская Федерация
Организация NLR
Правила каталогизации psbo
801 #1 - ИСТОЧНИК ЗАПИСИ
Страна Российская Федерация
Организация ELAR
Источник данных rusmarc
801 #2 - ИСТОЧНИК ЗАПИСИ
Страна Российская Федерация
Организация NLR
Дата составления 20050406
Источник данных rusmarc
852 ## - МЕСТОНАХОЖДЕНИЕ И ШИФР ХРАНЕНИЯ
Идентификатор организации NLR
Наименование фонда или коллекции (Sub-Location Identifier) С
Шифр хранения (Call Number) К-3/213
942 ## - ДОПОЛНИТЕЛЬНЫЕ ЭЛЕМЕНТЫ ЗАПИСИ (АБИС)
Тип экземпляра АБИС Книга
980 ## - КОЛЛЕКЦИЯ
Название коллекции Национальная библиография
Экземпляры
Тип экземпляра Дата поступления Библиотека постоянного хранения Библиотека текущего хранения Место хранения Шифр хранения Штрих-код Статус экземпляра Источник поступления Стоимость
Книга 26.10.2013 РНБ (Московский) РНБ (Московский) Центральная справочная библиотека С К-3/213 1-1816692      
Книга 12.10.2017 РНБ (Московский) РНБ (Московский) Центральная справочная библиотека С К-3/213 1-1816693      
Книга 04.02.2014 РНБ (Садовая) РНБ (Садовая) Фонд научного зала литературы и искусства Нз Ш141.12-420/С-481 1-263613   Покупка  
Книга 29.10.2015 РНБ (Фонтанка) РНБ (Фонтанка) Юношеский читальный зал Ю Я2(Ш1)/С-48 1-1156979   Источник неизвестен 12.00